MDQL
is popping MORE tags! Check the
thread
!
Quizzes
Events
Quiz Creation
Community
Videos
Private Events
Remove Ads
Sign In
Join for FREE
Feedback
Dark Mode
Quiz Categories
Sports
Geography
Music
Movies
Television
Just For Fun
Miscellaneous
History
Literature
Language
Science
Gaming
Entertainment
Religion
Holiday
For Kids
Quiz Lab
Recent
Popular Today
Quiz Kudos Today
Editor Picks
Curator Picks
Quizzes by...
Day
Popularity
Type
Ratings
Length
Year
Community
Subscriptions
Recent Discussions
Orange Saloon
Badges
Playlists
Quests
Create
Leaderboards
Showdown
Live 5
Trivia Bingo
Activity
Puzzle Library
Sporcle Events
Private Events
Virtual Trivia
Globe League
Become a Host
Pub Owners
SporcleCon
Opinionation
Our Games
Videos
Blog
Mobile Apps
Partnerships
Remove Ads and Go Orange
Feedback
Music
Pop Music
The Beatles
Song
Album
Lyrics
Bands
Singers
Artist
Clip
Rock
Rap
Classical
Billboard
Country Music
Kpop
Taylor Swift
Music
Pop Music
The Beatles
Song
Album
Lyrics
Bands
Singers
Artist
Clip
Rock
Rap
Classical
Billboard
Country Music
Kpop
Taylor Swift
Random Quiz
Search Sporcle
×
Editor Pick
Editor Pick
Music
Bands
Type in answers that appear in a list
Type in answers that appear in a list
Classic
Best Score? Go Orange.
All Along the Watchtower (Lyrics by Bob Dylan) Stats
Can you name the lyrics to All Along the Watchtower (original Bob Dylan version)?
By
sporkler101
6m
130 Questions
3,584 Plays
3,584 Plays
3,584 Plays
Comments
Comments
Give Quiz Kudos
Give Quiz Kudos
-
- Ratings
hide this ad
Replay
Link that replays current quiz
Next Quiz
Link to next quiz in quiz playlist
You Got
0%
They Got
Avg Score
73%
Avg Friend Score
Upgrade to see
Score Distribution
Jump to the score distribution portion of the page
Score
0/130
Timer
06:00
0
Plays Today
% Correct
the
99.8%
the
99.8%
the
99.8%
the
99.8%
The
99.8%
the
99.8%
the
99.8%
the
99.8%
the
99.8%
The
99.8%
a
99.8%
and
99.8%
and
99.8%
and
99.8%
a
99.8%
to
96.5%
to
96.5%
to
96.5%
be
95.1%
I
94.8%
I,
94.8%
of
93.2%
of
93.2%
of
93.2%
'There
92.9%
'There
92.9%
out
92.6%
All
92.1%
all
92.1%
here'
91.9%
here
91.9%
along
91.7%
along
91.7%
said
91.7%
watchtower,
91.2%
some
91.2%
way
90.8%
no
90.3%
'No
90.3%
must
90.1%
he
89.9%
joker
89.7%
thief.
89.7%
thief
89.7%
% Correct
So
89%
get
88.5%
get
88.5%
joke.
86.1%
can't
86%
relief.
84.1%
too
83.5%
too.
83.5%
is
81.5%
is
81.5%
is
81.5%
is
81.5%
my
80.9%
my
80.9%
confusion.
78.7%
much
77.9%
'There's
76.4%
wine.
75.9%
drink
74.6%
that
73.3%
that
73.3%
but
73.2%
But
73.2%
you
72.4%
us
71.3%
us
71.3%
are
69.2%
life
69%
who
68.3%
they
68.1%
not
66.7%
not
66.7%
in
64.8%
earth.
64.1%
among
64%
many
63.8%
this
63.3%
been
62.2%
getting
61.2%
excited'
60.9%
through
60.2%
late.'
60.2%
wind
59.7%
our
59.5%
% Correct
we've
59.5%
let
59.5%
spoke.
59.4%
reason
59.1%
now.
59.1%
Businessmen
58.4%
howl.
58.1%
hour
57.7%
dig
57.2%
began
56.9%
kindly
56.8%
feel
56.1%
were
55.9%
princes
55.8%
talk
55.5%
came
54.2%
view
53.5%
kept
53.4%
distance
53.2%
it
53%
fate.
52.5%
went,
52.1%
falsely
51.1%
did
50.4%
Two
49.7%
women
49.1%
approaching.
48.2%
riders
47.9%
servants
47.8%
Plowmen
47.3%
worth.'
47%
Outside
46.6%
wildcat
45.6%
growl.
45.4%
them
45%
None
43.7%
barefoot
43.3%
what
42.3%
line
42%
while
40.3%
know
39.3%
any
36.2%
Quiz Playlist
Details
Report
Send in Message
Add To Playlist
Classic:
Type in answers that appear in a list
Last Updated: Feb 16, 2017
Editor Pick in
Music
Quiz Scoreboard
CHALLENGE
Sign Up to Join the Scoreboard
Show All
Scores
Hide
Comments
May contain spoilers
Recently Published
Holiday 10x10 Sorting Gallery
by lukepisani3
Holiday
15m
Two Season TV Shows II
by 123Four
Television
10m
Image Sorting: Flags VI
by Barbecue
Geography
2m
More to Explore
Quiz From the Vault
Featured Blog Post
14 Easter Pick-up Lines to Find Eggs With
hide this ad
You Might Also Like...
Tags
Bands Quiz
along
bob
Bob Dylan
Dylan
Today's Top Quizzes in Music
Browse Music
hide this ad
Today's Top Quizzes in Bands
Browse Bands
Top Contributed Quizzes in Music
1
5X2 Blitz: Bands II
2
Taylor Swift All Songs (2024)
3
5X2 Blitz: The Beatles
4
5X2 Blitz: Billboard
5
Music Artist by Three 2010s hits
6
5X2 Blitz: Billboard II
7
5X2 Blitz: Album
8
5X2 Blitz: Rock
9
5X2 Blitz: Singers
10
5X2 Blitz: Lyrics
Explore More
Trending Topics
Harry Potter
Anime
Kpop
Crossword
Disney
NBA
Marvel
Pokémon
Country
Puzzle
WWE
NFL
The Office
Soccer
Song
hide this ad
More By:
sporkler101
Quiz
Plays
Rating
Category
Featured
Created
All Along the Watchtower (Lyrics by Bob Dylan)
3,584
4.43
Music
Oct 17, 2011
Go to Creator's Profile
Score Distribution
Quiz Creator Spotlight
sporkler101
Follow
Send a Message
Quizzes Created
-
Created Quiz Play Count
-
More By This Creator
Popular Quizzes Today
1
Find the US States - No Outlines Minefield
2
Colored Red Africa Blitz
3
Find the 'City' Movie
4
The Countries of the World
5
5x2 Blitz: Bands
6
Find the US States
7
Find the Countries of Europe - No Outlines Minefield
8
US States
More Music Quizzes
Classic Rock Songs Missing 'W' Words
Quiz Lab
Trending Quizzes
Colored Red Europe Blitz I
Colored Red Europe Blitz II
Colored Red Africa Blitz II
Colored Red Europe Blitz III
Colored Red Africa Blitz III
Recently Updated
Odd Team Out - Big 4 Players
pecheneg
Quick Pick: 20 Twenties
pecheneg
March Madness Men's Triple Doubles
pecheneg
How Do You Spell That?
pecheneg
Godzilla Movies
pecheneg
Grab Bag: 4-10 Letters
pecheneg
2024 March Madness Bracket
pecheneg
Famous TV Couples
Peacemaker
Champions League XIs: Real Madrid
pecheneg
Largest US Cities 1790-2010
pecheneg
Trending Topics
Disney
Marvel
NBA
Kpop
Harry Potter
Crossword
Anime
Pokémon
Puzzle
NFL
WWE
Country
Soccer
Song
The Office
Your Account Isn't Verified!
In order to create a playlist on Sporcle, you need to verify the email address you used during registration. Go to your
Sporcle Settings
to finish the process.
Report this User
Report this user for behavior that violates our
Community Guidelines
.
Details:
Send Report
Go to the Sporcle.com Mobile Site →
Comments